Normal view
MARC view
- Behn, Aphra
Entry Personal Name
001 - CONTROL NUMBER
- control field: 10108
003 - CONTROL NUMBER IDENTIFIER
- control field: OSt
005 - DATE AND TIME OF LATEST TRANSACTION
- control field: 20260217143340.0
008 - FIXED-LENGTH DATA ELEMENTS
- fixed length control field: 260217|| aca||aabn | a|a d
040 ## - CATALOGING SOURCE
- Original cataloging agency: OSt
- Transcribing agency: OSt
100 ## - HEADING--PERSONAL NAME
- Personal name: Behn, Aphra
670 ## - SOURCE DATA FOUND
- Source citation: Work cat.: (OSt)756269: Behn, Aphra, Financial markets and financial services / , 2025.
